000
00304nam a22001337a 4500
008
181030b xxu||||| |||| 00| 0 eng d
020
_a
9781608313815
041
_a
eng
080
_a
618
100
_a
8
101
_a
GJIN
245
_a
Fetal Monitoring Interpretation
_c
Cabaniss, M.L
942
_2
udc
_c
BK
999
_c
51179
_d
51179